1819 1694 1278 1628 1193 1748 1634 1269 1570 1267 1541 1875 1835 1015 1907 1312 1785 1637 1547 1631 1447 1409 1386 1452 1563 1680 1097 1901 1214 1121 1550 1847 1440 1398 1750 1727 1407 1278 1814 1749 1451 1480 1984 1480 1297 1318 1035 1182 1650 1462 1609 1597 1324 1810 1607 1514 1988 1605 1375 1168 1687 1520 1652 1197 1282 1702 1848 1909 1174 1309 1276 1838 1819 1234 1528 1867 1889 1936 1088 1843 1793 1263 1844 1813 1889 1799 1947 1428 1078 1959 1064 1821 1211 1495 1890 1672 1883 1323 1106 BCNSPRNW ULIB Ver.6.0+V

เปลี่ยนเป็นภาษาไทย

Change to English
 แสดงรายละเอียดบรรณานุกรม
  กลับหน้าหลัก

Brief Record : Get Marc (ISO 2709) : E-mail record : QR code < ปิดหน้าต่าง
LEADER : 00000nam 2200000uu 4500
001    13399112260
003     ULIB
008    110802s2552||||th 000 0 tha d
020    9786117115042
050  4 BQ9800.T5382^bน398ศ 2552
100 0  นัท ฮันห์,^cติช
245 10 ศิลปะแห่งอำนาจ =^bThe art of power /^cติช นัท ฮันห์,ผู้เขียน ; จิตร์ ตัณฑเสถียร และสังฆะหมู่บ้านพลัมประเทศไทย,ผู้แปล ; พระภิกษุณีนิรามิสา, บรรณาธิการเล่ม ; อิศวเรศ ตโนนุท, บรรณาธิการ
246 31 Art of power
250    พิมพ์ครั้งที่ 1
260    กรุงเทพฯ :^bฟรีมายด์,^c2552
300    255 หน้า ;^c21 ซม.
650  4 ชีวิตทางจิตวิญญาณ^xแง่ศาสนา^xพุทธศาสนา
650  4 พุทธศาสนา^xคำสั่งสอน
700 0  อิศวเรศ ตโนนุท,^eบรรณาธิการ
700 0  ภิกษุณีนิรามิสา,^eบรรณาธิการ
700 0  จิตร์ ตัณฑเสถียร,^eผู้แปล
700 02 Nhat Hanh,^cThich.^tThe art of power
945    ^p360^l0^i18475
995    เกษร
999 ^a ใช้งานได้ทุกระบบ
รายการนี้ยังไม่มีแท็ก
คุณยังไม่ได้ล็อกอิน คุณสามารถมีกิจกรรมร่วมกับเว็บไซต์ได้ แต่ต้องล็อกอินก่อน ::
  ล็อกอิน

รายการสื่อสารสนเทศ

ลำดับที่ ประเภท เลขเรียก/บาร์โค้ด สถานที่ สถานะ
1. วิทยาศาสตร์การแพทย์ และสุขภาพ
วิทยาศาสตร์การแพทย์ และสุขภาพ
BQ9800.T5382 น398ศ 2552  
  Barcode: 18475
ห้องสมุดวิทยาเขตสวรรค์ประชารักษ์
►นวนิยาย
บนชั้น
  ขอยืม

BibComment


ยังไม่เคยถูกคอมเมนท์

คอมเมนท์ทรัพยากรรายการนี้
  คอมเมนท์: ศิลปะแห่งอำนาจ T..


 Copyright 2026. Bcnsprnw @Library